000 00543nam a2200181 i 4500
001 87059
003 ES-MaACL
005 20230906175601.0
007 t|
008 041217s1970 sp ||||1| spa d
100 1 _aKluth, Peter.
_968312
245 1 0 _aProntuario de maquinaria para la construcción /
_cPeter Kluth ; [traducido por Adrián Margarit].
250 _a[1ª ed.].
260 _aBarcelona :
_bBlume,
_c[1970]
300 _a295 p. :
_bil. ;
_c22 cm.
700 1 _aMargarit, Adrian.
_976617
852 _aES-MaACL
_jC-44740
_bR.74537
999 _c87059
_d87059